| 000 | 00442cam a2200169ua 4500 | ||
|---|---|---|---|
| 020 | _c15.00 | ||
| 041 |
_amal _h |
||
| 082 |
_a342.02 _bKAR/AD |
||
| 100 | _aKarunakaran, K P . | ||
| 245 |
_aAdhunika barana gatanakal / _cK P Karunakaran. _hTextual Documents |
||
| 260 |
_aThiruvananthapuram : _bState Instititute of Languages , _c1970. |
||
| 300 | _a545 ; . | ||
| 365 | _a15.00 | ||
| 504 | _a | ||
| 942 | _cBK | ||
| 999 |
_c4638 _d4638 |
||